<?xml version="1.0" encoding="UTF-8"?>
<record
    xmlns:xsi="http://www.w3.org/2001/XMLSchema-instance"
    xsi:schemaLocation="http://www.loc.gov/MARC21/slim http://www.loc.gov/standards/marcxml/schema/MARC21slim.xsd"
    xmlns="http://www.loc.gov/MARC21/slim">

  <leader>01092nam a2200265   4500</leader>
  <controlfield tag="003">OSt</controlfield>
  <controlfield tag="005">20260530113904.0</controlfield>
  <controlfield tag="008">260417b1999    mx a|||| |||| 00| 0 spa d</controlfield>
  <datafield tag="020" ind1=" " ind2=" ">
    <subfield code="a">9706542450</subfield>
  </datafield>
  <datafield tag="040" ind1=" " ind2=" ">
    <subfield code="a">ICI</subfield>
    <subfield code="b">spa</subfield>
    <subfield code="c">ICI</subfield>
  </datafield>
  <datafield tag="050" ind1=" " ind2=" ">
    <subfield code="a">HD9156.S8 </subfield>
    <subfield code="b">M46</subfield>
  </datafield>
  <datafield tag="100" ind1="1" ind2=" ">
    <subfield code="a">Zamora P&#xE9;rez, Alfonso,</subfield>
    <subfield code="9">32638</subfield>
  </datafield>
  <datafield tag="245" ind1="1" ind2="0">
    <subfield code="a"> Inventario cr&#xED;tico de las m&#xE1;quinas desfribadoras en M&#xE9;xico (1830-1890) : </subfield>
    <subfield code="b">una propuesta de documentaci&#xF3;n hist&#xF3;rica y evaluaci&#xF3;n t&#xE9;cnica para la investigaci&#xF3;n en dise&#xF1;o industrial /</subfield>
    <subfield code="c"> Alfonso Zamora P&#xE9;rez</subfield>
  </datafield>
  <datafield tag="264" ind1=" " ind2="1">
    <subfield code="b">Universidad Aut&#xF3;noma Metropolitana, Azcapotzalco,</subfield>
    <subfield code="c">1999</subfield>
    <subfield code="a">M&#xE9;xico, D.F. : </subfield>
  </datafield>
  <datafield tag="300" ind1=" " ind2=" ">
    <subfield code="a">155 p&#xE1;ginas</subfield>
    <subfield code="b"> ilustraciones</subfield>
  </datafield>
  <datafield tag="336" ind1=" " ind2=" ">
    <subfield code="a">texto</subfield>
    <subfield code="2">rdacontent</subfield>
  </datafield>
  <datafield tag="337" ind1=" " ind2=" ">
    <subfield code="a">sin medio</subfield>
    <subfield code="2">rdamedia</subfield>
  </datafield>
  <datafield tag="338" ind1=" " ind2=" ">
    <subfield code="a">volumen</subfield>
    <subfield code="2">rdacarrier</subfield>
  </datafield>
  <datafield tag="490" ind1=" " ind2=" ">
    <subfield code="a">Colecci&#xF3;n: Libros de texto y manuales de pr&#xE1;ctica</subfield>
  </datafield>
  <datafield tag="650" ind1=" " ind2=" ">
    <subfield code="a">Maquinaria defibradora </subfield>
    <subfield code="x">Historia</subfield>
    <subfield code="y">Siglo XIX</subfield>
    <subfield code="z">M&#xE9;xico </subfield>
    <subfield code="9">32639</subfield>
  </datafield>
  <datafield tag="650" ind1=" " ind2=" ">
    <subfield code="a">Industria del henequen</subfield>
    <subfield code="z">M&#xE9;xico</subfield>
    <subfield code="9">32640</subfield>
  </datafield>
  <datafield tag="650" ind1=" " ind2=" ">
    <subfield code="a">Maquinaria textil</subfield>
    <subfield code="z">M&#xE9;xico</subfield>
    <subfield code="9">32641</subfield>
  </datafield>
  <datafield tag="650" ind1=" " ind2=" ">
    <subfield code="a">Dise&#xF1;o de m&#xE1;quinas</subfield>
    <subfield code="z"> M&#xE9;xico</subfield>
    <subfield code="9">32642</subfield>
  </datafield>
  <datafield tag="942" ind1=" " ind2=" ">
    <subfield code="2">lcc</subfield>
    <subfield code="c">BK</subfield>
  </datafield>
  <datafield tag="999" ind1=" " ind2=" ">
    <subfield code="c">11896</subfield>
    <subfield code="d">11896</subfield>
  </datafield>
</record>
